| 000 | 00715nam a22002177a 4500 | ||
|---|---|---|---|
| 003 | 0 | ||
| 005 | 20241010102823.0 | ||
| 008 | 241010b xxu||||| |||| 00| 0 eng d | ||
| 020 | _a9781032283555 | ||
| 050 |
_aQA 76.73 _b.Im47 2024 |
||
| 100 |
_aImran, Sazzad M.S., _eauthor. |
||
| 245 |
_aLearn programming with c : _ban easy step-by-step self-practice book for learning c / _cSazzad M.S. Imran, Atiqur Rahman Ahad. |
||
| 250 | _a1st ed. | ||
| 260 |
_aBoca Raton, FL : _bCRC Press, _c2024. |
||
| 300 |
_axii, 567 p. : _bill. ; _c26 cm. |
||
| 504 | _aIncludes index. | ||
| 650 | _aC (Computer program language). | ||
| 650 | _aComputer programming. | ||
| 700 |
_aAhad, Atiqur Rahman, _eauthor. |
||
| 942 |
_2lcc _cBK |
||
| 999 |
_c366493 _d366493 |
||